00421nam a2200145 a 4500008004100000020001800041050001700059100002000076245008000096250001700176260002500193300001800218500001600236650002300252210303s2017 ||||||||||||||||| || u a9785865478645 aPG 2900 Esm  aEsmantova, T.L 10aRussian language: 5 elements, diagnostic tests (5th edition)cT.L Esmantova a5th edition  aSt. Petersburgc2017 avarious pages aIncludes CD aRUSSIAN LITERATURE